| 000 | 01762nam a2200409Ia 4500 | ||
|---|---|---|---|
| 001 | ebr10359441 | ||
| 003 | CaPaEBR | ||
| 006 | m u | ||
| 007 | cr cn||||||||| | ||
| 008 | 090902s2009 enk sb 001 0 eng d | ||
| 020 | _z1848134193 (hbk.) | ||
| 020 | _z1848134207 (pbk.) | ||
| 020 | _z1848134215 (ebk.) | ||
| 020 | _z9781848134195 (hbk.) | ||
| 020 | _z9781848134201 (pbk.) | ||
| 020 | _z9781848134218 (ebk.) | ||
| 040 |
_aCaPaEBR _cCaPaEBR |
||
| 035 | _a(OCoLC)610027159 | ||
| 050 | 1 | 4 |
_aJK526 2008 _b.E384 2009eb |
| 100 | 1 | _aEisenstein, Zillah R. | |
| 245 | 1 | 4 |
_aThe audacity of races and genders _h[electronic resource] : _ba personal and global story of the Obama election / _cZillah Eisenstein. |
| 260 |
_aLondon ; _aNew York : _bZed Books ; _aNew York : _bDistributed in the USA exclusively by Palgrave Macmillan, _cc2009. |
||
| 300 | _axi, 212 p. | ||
| 504 | _aIncludes bibliographical references and index. | ||
| 533 |
_aElectronic reproduction. _bPalo Alto, Calif. : _cebrary, _d2010. _nAvailable via World Wide Web. _nAccess may be limited to ebrary affiliated libraries. |
||
| 650 | 0 |
_aPresidents _zUnited States _xElection _y2008. |
|
| 650 | 0 |
_aRace relations _xPolitical aspects. |
|
| 650 | 0 |
_aSex role _xPolitical aspects _zUnited States. |
|
| 650 | 0 |
_aSex role _xPolitical aspects. |
|
| 650 | 0 |
_aWorld politics _y21st century. |
|
| 651 | 0 |
_aUnited States _xForeign relations _y21st century. |
|
| 651 | 0 |
_aUnited States _xPolitics and government _y2009- |
|
| 651 | 0 |
_aUnited States _xRace relations _xPolitical aspects. |
|
| 655 | 7 |
_aElectronic books. _2local |
|
| 710 | 2 | _aebrary, Inc. | |
| 856 | 4 | 0 |
_uhttp://site.ebrary.com/lib/rucke/Doc?id=10359441 _zAn electronic book accessible through the World Wide Web; click to view |
| 999 |
_c104801 _d104801 |
||